Prohibición de testaferros: ley 27444 y la reforma de los artículos 34 y 35 de la ley general de sociedades (Registro nro. 30624)
[ vista simple ]
| 000 -LEADER | |
|---|---|
| fixed length control field | 00405 a2200109 4500 |
| 001 - CONTROL NUMBER | |
| control field | ART_47313 |
| 005 - DATE AND TIME OF LATEST TRANSACTION | |
| control field | 20260410161954.0 |
| 008 - FIXED-LENGTH DATA ELEMENTS--GENERAL INFORMATION | |
| fixed length control field | 260409a |
| 100 1# - MAIN ENTRY--PERSONAL NAME | |
| Personal name | Arduino, Augusto H.L. |
| 245 10 - TITLE STATEMENT | |
| Title | Prohibición de testaferros: ley 27444 y la reforma de los artículos 34 y 35 de la ley general de sociedades |
| 773 0# - HOST ITEM ENTRY | |
| Title | Temas de derecho comercial |
| Related parts | - Año 4, N° 8 (ago. 2018) |
| Record control number | REV28151 |
No hay ítems disponibles.